000
00276nam a22001097a 4500
082
_a
030 COL'H
100
_a
HALSEY, WILLIAM D
_9
57331
245
_a
COLLIER'S ENCYCLOPEDIA WITH BIBLOGRAPHY AND INDEX VOLUME - 8
260
_a
USA
_b
COLLIER
_c
1965
300
_a
785P
942
_c
BK
999
_c
567624
_d
567624